[Event "City of Dublin Masters 2019"]
[Site "Dublin IRL"]
[Date "2019.09.06"]
[Round "1.1"]
[White "O'Donnell, Conor"]
[Black "Carroll, Peter"]
[Result "1/2-1/2"]
[WhiteTitle "FM"]
[WhiteElo "2311"]
[BlackElo "2062"]
[WhiteICU "2308"]
[BlackICU "2106"]
[WhiteClub "Gonzaga"]
[BlackClub "Gonzaga"]
[WhiteNationality "IRL"]
[BlackNationality "IRL"]
[WhiteFideId "2504243"]
[BlackFideId "2510243"]
[PlyCount "88"]
[EventDate "2019.09.06"]
[Source "Live boards"]

{ Event information: <a
href="http://www.irlchess.com/cityofdublin2019_allfiles/pairings_cityofdublin209.html">Tournament
report</a>. }

1. d4 Nf6 2. c4 e6 3. Nc3 Bb4 4. Nf3 c5 5. g3 b6 6. Bg2 Bb7 7. O-O O-O 8.
Nb5 cxd4 9. Qxd4 Nc6 10. Qd3 d5 11. Bg5 a6 12. Nc3 Be7 13. Rfd1 Qc7 14.
cxd5 Nb4 15. Qd2 Nbxd5 16. Rac1 Qb8 17. Nxd5 Bxd5 18. Bf4 Bd6 19. Bxd6 Qxd6
20. Qc2 Qe7 21. Ne5 Bxg2 22. Kxg2 Rad8 23. Nc6 Qb7 24. Rxd8 Rxd8 25. e4 Re8
26. f3 g6 27. Qc3 Nd7 28. Rd1 Nc5 29. Ne5 Rc8 30. Qd4 h5 31. b4 Na4 32. Nd7
Rc2+ 33. Kh3 Qc8 34. Nf6+ Kf8 35. Nh7+ Kg8 36. Nf6+ Kf8 37. Qe5 Rxh2+ 38.
Kxh2 Qc2+ 39. Kh3 Qxd1 40. Nh7+ Kg8 41. Nf6+ Kf8 42. Nh7+ Kg8 43. Nf6+ Kf8
44. Nh7+ Ke7 1/2-1/2

[Event "City of Dublin Masters 2019"]
[Site "Dublin IRL"]
[Date "2019.09.06"]
[Round "1.2"]
[White "Haque, Muhtarim-Ul"]
[Black "Brady, Stephen"]
[Result "1/2-1/2"]
[BlackTitle "FM"]
[WhiteElo "2036"]
[BlackElo "2282"]
[WhiteICU "2077"]
[BlackICU "2281"]
[WhiteClub "Rathmines Juniors"]
[BlackClub "St. Benildus"]
[WhiteNationality "IRL"]
[BlackNationality "IRL"]
[WhiteFideId "2509415"]
[BlackFideId "2500124"]
[PlyCount "103"]
[EventDate "2019.09.06"]
[Source "Live boards"]

{ Event information: <a
href="http://www.irlchess.com/cityofdublin2019_allfiles/pairings_cityofdublin209.html">Tournament
report</a>. }

1. d4 Nf6 2. c4 e6 3. Nf3 b6 4. a3 Ba6 5. e3 d5 6. Nbd2 Be7 7. b4 O-O 8.
Bb2 Nbd7 9. Be2 dxc4 10. Bxc4 Bxc4 11. Nxc4 c5 12. b5 Qc7 13. Nce5 a6 14.
a4 cxd4 15. Nc6 Bc5 16. exd4 Bd6 17. O-O axb5 18. Rc1 Qb7 19. axb5 Ra2 20.
Qb3 Rfa8 21. Rc2 Nd5 22. g3 N7f6 23. Rfc1 h6 24. Nd2 Rxb2 25. Rxb2 Ba3 26.
Ra1 Bxb2 27. Qxb2 Nc7 28. Rxa8+ Qxa8 29. Nc4 Nfd5 30. Nd6 Qa4 31. Ne5 f6
32. Nd7 Qd1+ 33. Kg2 Qd3 34. Qa1 h5 35. Qa7 Ne3+ 36. fxe3 Qe2+ 37. Kg1 Qe1+
38. Kg2 Qe2+ 39. Kg1 Qxe3+ 40. Kf1 Qd3+ 41. Kg2 Qe2+ 42. Kg1 Qe1+ 43. Kg2
Qe2+ 44. Kg1 h4 45. gxh4 Nd5 46. Qb8+ Kh7 47. Nf8+ Kh6 48. Nf7+ Kh5 49. Qg3
Qd1+ 50. Kg2 Qd2+ 51. Kh1 Nf4 52. Qf3+ 1/2-1/2

[Event "City of Dublin Masters 2019"]
[Site "Dublin IRL"]
[Date "2019.09.06"]
[Round "1.3"]
[White "Daly, Colm"]
[Black "Fox, Anthony"]
[Result "1-0"]
[WhiteTitle "FM"]
[WhiteElo "2213"]
[BlackElo "2020"]
[WhiteICU "2212"]
[BlackICU "1992"]
[WhiteClub "Bray"]
[BlackClub "Dun Laoghaire"]
[WhiteNationality "IRL"]
[BlackNationality "IRL"]
[WhiteFideId "2500434"]
[BlackFideId "2500736"]
[PlyCount "109"]
[EventDate "2019.09.06"]
[Source "Live boards"]

{ Event information: <a
href="http://www.irlchess.com/cityofdublin2019_allfiles/pairings_cityofdublin209.html">Tournament
report</a>. }

1. e4 e5 2. Nf3 Nc6 3. Bb5 a6 4. Ba4 Nf6 5. O-O Be7 6. Re1 b5 7. Bb3 d6 8.
c3 O-O 9. h3 Bb7 10. d3 Na5 11. Bc2 c5 12. Nbd2 Re8 13. Nf1 h6 14. Ng3 Bf8
15. d4 cxd4 16. cxd4 g6 17. d5 Nc4 18. Bd3 Nb6 19. Bd2 Nfd7 20. Ba5 Qe7 21.
Nd2 Bg7 22. b3 Rec8 23. a4 bxa4 24. bxa4 Nc5 25. Bc2 Nbd7 26. Rb1 Rab8 27.
Bb4 a5 28. Bxa5 Ba6 29. Rxb8 Rxb8 30. Re3 h5 31. Rc3 Bh6 32. Nc4 h4 33. Nf1
Kg7 34. Bc7 Bxc4 35. Rxc4 Rb7 36. Ba5 Bg5 37. Bc3 f6 38. Rb4 Rxb4 39. Bxb4
Na6 40. Ba3 Ndc5 41. Qb1 Qc7 42. Qb5 Kf7 43. a5 Ke7 44. Bxc5 Nxc5 45. a6
Qa7 46. Ba4 Kf7 47. Qe8+ Kg7 48. Bb5 Nxa6 49. Bd7 Qb8 50. Bc8 Nc5 51. Qe7+
Kh6 52. Qf8+ Kh7 53. Qf7+ Kh6 54. Bf5 gxf5 55. exf5 1-0

[Event "City of Dublin Masters 2019"]
[Site "Dublin IRL"]
[Date "2019.09.06"]
[Round "1.4"]
[White "Flynn, Jacob"]
[Black "Kanyamarala, Tarun"]
[Result "1-0"]
[WhiteElo "1973"]
[BlackElo "2142"]
[WhiteICU "2038"]
[BlackICU "2160"]
[WhiteClub "Malahide"]
[WhiteNationality "IRL"]
[BlackNationality "IRL"]
[WhiteFideId "2509393"]
[BlackFideId "45004714"]
[PlyCount "35"]
[EventDate "2019.09.06"]
[Source "Live boards"]

{ Event information: <a
href="http://www.irlchess.com/cityofdublin2019_allfiles/pairings_cityofdublin209.html">Tournament
report</a>. }

1. c4 Nf6 2. Nc3 e6 3. e4 d5 4. e5 d4 5. exf6 dxc3 6. bxc3 Qxf6 7. Nf3 b6
8. d4 Bb7 9. Bd3 h6 10. O-O Bd6 11. Re1 O-O 12. Ne5 Bxe5 13. Rxe5 Nc6 14.
Rh5 Ne7 15. Bg5 hxg5 16. Bh7+ Kh8 17. Bg6+ Kg8 18. Rh8+ 1-0

[Event "City of Dublin Masters 2019"]
[Site "Dublin IRL"]
[Date "2019.09.06"]
[Round "1.5"]
[White "Moran, Stephen"]
[Black "Cafolla, Peter"]
[Result "1-0"]
[WhiteElo "2186"]
[BlackElo "1975"]
[WhiteICU "2174"]
[BlackICU "1894"]
[WhiteClub "T.C.D."]
[BlackClub "Rathmines"]
[WhiteNationality "IRL"]
[BlackNationality "IRL"]
[WhiteFideId "2501872"]
[BlackFideId "2500884"]
[PlyCount "37"]
[EventDate "2019.09.06"]
[Source "Live boards"]

{ Event information: <a
href="http://www.irlchess.com/cityofdublin2019_allfiles/pairings_cityofdublin209.html">Tournament
report</a>. }

1. d4 d5 2. Bf4 c5 3. e3 Qb6 4. Nc3 Nf6 5. Nb5 Na6 6. a4 e6 7. Nf3 c4 8.
Ne5 Bd7 9. Nxd7 Nxd7 10. Be2 Bb4+ 11. c3 Be7 12. O-O O-O 13. b3 cxb3 14.
Qxb3 Rac8 15. a5 Qc6 16. Nxa7 Qxc3 17. Qxb7 e5 18. Nxc8 Rxc8 19. Bxa6 1-0

[Event "City of Dublin Masters 2019"]
[Site "Dublin IRL"]
[Date "2019.09.06"]
[Round "1.6"]
[White "Peoples, Jonathon"]
[Black "Kanyamarala, Trisha"]
[Result "0-1"]
[WhiteElo "1931"]
[BlackElo "2238"]
[WhiteICU "1834"]
[BlackICU "2123"]
[WhiteClub "U.C.D."]
[WhiteNationality "IRL"]
[BlackNationality "IRL"]
[WhiteFideId "2509520"]
[BlackFideId "45004722"]
[PlyCount "28"]
[EventDate "2019.09.06"]
[Source "Live boards"]

{ Event information: <a
href="http://www.irlchess.com/cityofdublin2019_allfiles/pairings_cityofdublin209.html">Tournament
report</a>. }

1. Nf3 d5 2. c4 e6 3. g3 dxc4 4. Qa4+ Bd7 5. Qxc4 c5 6. Bg2 Nf6 7. O-O Be7
8. d4 Qc8 9. Bf4 O-O 10. Nc3 Na6 11. Rfd1 Bc6 12. dxc5 Bxc5 13. Bd6 Bxf3
14. Bxc5 Bxg2 0-1

[Event "City of Dublin Masters 2019"]
[Site "Dublin IRL"]
[Date "2019.09.07"]
[Round "2.1"]
[White "Kanyamarala, Trisha"]
[Black "Daly, Colm"]
[Result "1/2-1/2"]
[BlackTitle "FM"]
[WhiteElo "2238"]
[BlackElo "2213"]
[WhiteICU "2123"]
[BlackICU "2212"]
[BlackClub "Bray"]
[WhiteNationality "IRL"]
[BlackNationality "IRL"]
[WhiteFideId "45004722"]
[BlackFideId "2500434"]
[PlyCount "166"]
[EventDate "2019.09.06"]
[Source "Live boards"]

{ Event information: <a
href="http://www.irlchess.com/cityofdublin2019_allfiles/pairings_cityofdublin209.html">Tournament
report</a>. }

1. d4 Nf6 2. c4 e6 3. Nc3 Bb4 4. Qc2 O-O 5. Nf3 b6 6. g3 Bb7 7. Bg2 Be4 8.
Qb3 a5 9. O-O Bxc3 10. Qxc3 d6 11. Be3 Nbd7 12. Rfd1 Qb8 13. Rac1 Rc8 14.
Bf4 Qb7 15. Qd2 Re8 16. Bg5 c6 17. Qf4 Qb8 18. Qe3 h6 19. Bxf6 Nxf6 20. Nd2
Bxg2 21. Kxg2 c5 22. Kg1 Qb7 23. Nf3 Rad8 24. Rc2 Ne4 25. Nd2 Ng5 26. Nf3
Nxf3+ 27. Qxf3 Qxf3 28. exf3 cxd4 29. Rxd4 Kf8 30. Rc3 Ke7 31. Rb3 Rb8 32.
Kf1 Rec8 33. f4 Rc6 34. Ke2 Rbc8 35. Kd3 f5 36. Rc3 Rh8 37. Kd2 g5 38. f3
Rg8 39. Re3 g4 40. fxg4 Rxg4 41. Kd3 h5 42. Rd5 Kf6 43. Rb5 h4 44. a4 hxg3
45. hxg3 Rg8 46. Rb3 Rh8 47. Re2 Rh3 48. Kd4 Rh1 49. Rd3 Rc5 50. b3 e5+ 51.
fxe5+ dxe5+ 52. Ke3 Ke6 53. Red2 Rc6 54. Rd5 Rg1 55. Kf2 Rb1 56. Re2 e4 57.
g4 fxg4 58. Rxe4+ Kf6 59. Rb5 Rc5 60. Rxg4 Rxb5 61. cxb5 Rxb3 62. Rc4 Ke5
63. Rc6 Rb4 64. Rxb6 Rxa4 65. Ra6 Kd5 66. Ke2 Kc5 67. b6 Kc6 68. b7+ Kxb7
69. Rf6 Rd4 70. Ke3 Rd7 71. Ke2 Rd8 72. Ke3 a4 73. Rf4 Ra8 74. Kd3 a3 75.
Rb4+ Kc6 76. Rb1 Kc5 77. Kc3 Rh8 78. Kb3 Rb8+ 79. Ka2 Rxb1 80. Kxb1 Kc4 81.
Ka2 Kb4 82. Kb1 Kb3 83. Ka1 a2 1/2-1/2

[Event "City of Dublin Masters 2019"]
[Site "Dublin IRL"]
[Date "2019.09.07"]
[Round "2.2"]
[White "Flynn, Jacob"]
[Black "Moran, Stephen"]
[Result "0-1"]
[WhiteElo "1973"]
[BlackElo "2186"]
[WhiteICU "2038"]
[BlackICU "2174"]
[WhiteClub "Malahide"]
[BlackClub "T.C.D."]
[WhiteNationality "IRL"]
[BlackNationality "IRL"]
[WhiteFideId "2509393"]
[BlackFideId "2501872"]
[PlyCount "58"]
[EventDate "2019.09.06"]
[Source "Live boards"]

{ Event information: <a
href="http://www.irlchess.com/cityofdublin2019_allfiles/pairings_cityofdublin209.html">Tournament
report</a>. }

1. c4 c5 2. Nc3 Nc6 3. g3 g6 4. Bg2 Bg7 5. Nf3 e6 6. O-O Nge7 7. e3 O-O 8.
d4 b6 9. d5 Na5 10. Nd2 Ba6 11. Qa4 Rb8 12. Rd1 exd5 13. Nxd5 Nxd5 14. Bxd5
b5 15. cxb5 Bxb5 16. Qf4 Be2 17. Re1 Bd3 18. Nf3 d6 19. Rd1 Rb4 20. e4 Be2
21. Rd2 Bxf3 22. a3 Rb3 23. Bxb3 Nxb3 24. Rxd6 Qe7 25. Qxf3 Nxa1 26. Qd3
Nb3 27. Bf4 Nd4 28. Ra6 Rc8 29. Bd6 Qb7 0-1

[Event "City of Dublin Masters 2019"]
[Site "Dublin IRL"]
[Date "2019.09.07"]
[Round "2.3"]
[White "Brady, Stephen"]
[Black "O'Donnell, Conor"]
[Result "0-1"]
[WhiteTitle "FM"]
[BlackTitle "FM"]
[WhiteElo "2282"]
[BlackElo "2311"]
[WhiteICU "2281"]
[BlackICU "2308"]
[WhiteClub "St. Benildus"]
[BlackClub "Gonzaga"]
[WhiteNationality "IRL"]
[BlackNationality "IRL"]
[WhiteFideId "2500124"]
[BlackFideId "2504243"]
[PlyCount "112"]
[EventDate "2019.09.06"]
[Source "Live boards"]

{ Event information: <a
href="http://www.irlchess.com/cityofdublin2019_allfiles/pairings_cityofdublin209.html">Tournament
report</a>. }

1. e4 c5 2. c3 Nf6 3. e5 Nd5 4. d4 cxd4 5. Nf3 Nc6 6. Bc4 Nb6 7. Bb3 d5 8.
exd6 Qxd6 9. O-O Be6 10. Na3 dxc3 11. Bxe6 Qxd1 12. Rxd1 fxe6 13. Nb5 Rc8
14. bxc3 Nc4 15. Ng5 g6 16. Nxe6 Kf7 17. Ng5+ Kg8 18. Rd7 a6 19. Na3 Nd6
20. Ne6 Kf7 21. Nxf8 Rhxf8 22. Bh6 Rfe8 23. Rd1 Ke6 24. R1xd6+ exd6 25.
Rxb7 Ne5 26. Rb3 Kf5 27. Nc2 g5 28. Bg7 Nc4 29. h3 Kg6 30. Bd4 Re2 31. Ne3
Nxe3 32. Bxe3 Rxa2 33. Rb6 Rd8 34. Bc5 Kf5 35. Bxd6 Rc8 36. Bb4 Ke4 37.
Re6+ Kd3 38. Re5 h6 39. g4 Ra8 40. Ba5 Rb8 41. Bb4 Ra8 42. Rd5+ Kc4 43.
Rc5+ Kb3 44. Rc6 a5 45. Bc5 a4 46. Rxh6 a3 47. Rb6+ Kc4 48. Bxa3 R8xa3 49.
Rg6 Ra5 50. Kg2 Rc2 51. Kg3 Rxc3+ 52. f3 Raa3 53. Rf6 Kd4 54. Rf5 Re3 55.
Kf2 Re5 56. Rf8 Ra2+ 0-1

[Event "City of Dublin Masters 2019"]
[Site "Dublin IRL"]
[Date "2019.09.07"]
[Round "2.4"]
[White "Carroll, Peter"]
[Black "Waters, Michael"]
[Result "0-1"]
[WhiteElo "2062"]
[BlackElo "2135"]
[WhiteICU "2106"]
[BlackICU "2083"]
[WhiteClub "Gonzaga"]
[BlackClub "Bray"]
[WhiteNationality "IRL"]
[BlackNationality "IRL"]
[WhiteFideId "2510243"]
[BlackFideId "2500523"]
[PlyCount "100"]
[EventDate "2019.09.06"]
[Source "Live boards"]

{ Event information: <a
href="http://www.irlchess.com/cityofdublin2019_allfiles/pairings_cityofdublin209.html">Tournament
report</a>. }

1. d4 d5 2. Nc3 Bf5 3. f3 Nf6 4. Bf4 e6 5. g4 Bg6 6. h4 h6 7. e3 Bb4 8. Bd3
Bxd3 9. Qxd3 a6 10. Ne2 c5 11. O-O-O c4 12. Qd2 Nc6 13. g5 Nh5 14. e4 g6
15. exd5 Qxd5 16. Qe3 Bxc3 17. Nxc3 Qf5 18. Bc7 Rc8 19. Ne4 Qd5 20. Be5 O-O
21. Bf6 b5 22. gxh6 Qf5 23. Bg7 Rfd8 24. Rdg1 Nxg7 25. hxg7 Nxd4 26. Qh6
Qf4+ 27. Qxf4 Ne2+ 28. Kb1 Nxf4 29. h5 Kxg7 30. h6+ Kh8 31. Rd1 Rd5 32. Nd6
Rc7 33. Rxd5 Nxd5 34. b3 c3 35. a3 f5 36. Re1 Nf4 37. b4 Kh7 38. Ne8 Rc6
39. Nf6+ Kxh6 40. Rh1+ Nh5 41. Ng4+ fxg4 42. fxg4 e5 43. Ka2 Kg5 44. gxh5
gxh5 45. Kb3 e4 46. Re1 Kf4 47. Rh1 e3 48. Rxh5 e2 49. Rh4+ Kf3 50. Rh3+
Kg2 0-1

[Event "City of Dublin Masters 2019"]
[Site "Dublin IRL"]
[Date "2019.09.07"]
[Round "2.5"]
[White "Kanyamarala, Tarun"]
[Black "Haque, Muhtarim-Ul"]
[Result "1-0"]
[WhiteElo "2142"]
[BlackElo "2036"]
[WhiteICU "2160"]
[BlackICU "2077"]
[BlackClub "Rathmines Juniors"]
[WhiteNationality "IRL"]
[BlackNationality "IRL"]
[WhiteFideId "45004714"]
[BlackFideId "2509415"]
[PlyCount "69"]
[EventDate "2019.09.06"]
[Source "Live boards"]

{ Event information: <a
href="http://www.irlchess.com/cityofdublin2019_allfiles/pairings_cityofdublin209.html">Tournament
report</a>. }

1. d4 Nf6 2. c4 e6 3. Nc3 Bb4 4. g3 O-O 5. Bg2 d5 6. Nf3 c5 7. dxc5 Bxc3+
8. bxc3 Qa5 9. Qb3 Re8 10. O-O Nc6 11. Nd4 Qxc5 12. Ba3 Qa5 13. Bb4 Nxb4
14. cxb4 Qd8 15. Rfd1 e5 16. Nb5 a6 17. Na3 e4 18. cxd5 b5 19. Rd4 Ra7 20.
Rad1 Rd7 21. Nb1 Rd6 22. Nc3 Bf5 23. e3 Qd7 24. Qb1 Re5 25. Qb3 Bg4 26.
R1d2 Qf5 27. Qc2 Qh5 28. Nxe4 Nxe4 29. Rxe4 Rxe4 30. Qxe4 f5 31. Qe7 Rh6
32. h4 Rf6 33. Rc2 f4 34. exf4 Bf5 35. Rc7 1-0

[Event "City of Dublin Masters 2019"]
[Site "Dublin IRL"]
[Date "2019.09.07"]
[Round "3.1"]
[White "O'Donnell, Conor"]
[Black "Kanyamarala, Trisha"]
[Result "1-0"]
[WhiteTitle "FM"]
[WhiteElo "2311"]
[BlackElo "2238"]
[WhiteICU "2308"]
[BlackICU "2123"]
[WhiteClub "Gonzaga"]
[WhiteNationality "IRL"]
[BlackNationality "IRL"]
[WhiteFideId "2504243"]
[BlackFideId "45004722"]
[PlyCount "101"]
[EventDate "2019.09.06"]
[Source "Live boards"]

{ Event information: <a
href="http://www.irlchess.com/cityofdublin2019_allfiles/pairings_cityofdublin209.html">Tournament
report</a>. }

1. c4 e6 2. g3 d5 3. Bg2 Nf6 4. Nf3 dxc4 5. Qa4+ Bd7 6. Qxc4 c5 7. Ne5 Qc8
8. Qd3 Nc6 9. Nxd7 Nxd7 10. Qc2 Be7 11. O-O O-O 12. Nc3 Nde5 13. b3 Nd4 14.
Qe4 Nec6 15. e3 Nf5 16. Ba3 Rd8 17. Rfd1 Rb8 18. Rac1 Qc7 19. Qa4 Ne5 20.
d4 cxd4 21. Nd5 Qd7 22. Nxe7+ Nxe7 23. Rxd4 Qxa4 24. Rxa4 Nc8 25. Rd4 Nb6
26. Bd6 Nc6 27. Bxc6 Rbc8 28. Bc7 Rxd4 29. Bxb7 Rxc7 30. Rxc7 Rd1+ 31. Kg2
Ra1 32. a4 g6 33. Bf3 Ra3 34. Rxa7 Rxb3 35. Rb7 Rb2 36. a5 Nc4 37. Rxb2
Nxb2 38. a6 Nc4 39. a7 Nb6 40. a8=Q+ Nxa8 41. Bxa8 f5 42. f4 Kf7 43. Kf3
Kf6 44. Ke2 e5 45. Kd3 g5 46. Kc4 h5 47. Kd5 exf4 48. exf4 h4 49. Kd6 hxg3
50. hxg3 gxf4 51. gxf4 1-0

[Event "City of Dublin Masters 2019"]
[Site "Dublin IRL"]
[Date "2019.09.07"]
[Round "3.2"]
[White "Waters, Michael"]
[Black "Daly, Colm"]
[Result "0-1"]
[BlackTitle "FM"]
[WhiteElo "2135"]
[BlackElo "2213"]
[WhiteICU "2083"]
[BlackICU "2212"]
[WhiteClub "Bray"]
[BlackClub "Bray"]
[WhiteNationality "IRL"]
[BlackNationality "IRL"]
[WhiteFideId "2500523"]
[BlackFideId "2500434"]
[PlyCount "90"]
[EventDate "2019.09.06"]
[Source "Live boards"]

{ Event information: <a
href="http://www.irlchess.com/cityofdublin2019_allfiles/pairings_cityofdublin209.html">Tournament
report</a>. }

1. e4 c5 2. Nc3 e6 3. d3 Nc6 4. f4 d6 5. Nf3 g6 6. Be3 Bg7 7. Qd2 Nge7 8.
g4 Nd4 9. Bxd4 cxd4 10. Ne2 e5 11. Rg1 h5 12. h3 hxg4 13. hxg4 Nc6 14.
O-O-O Bd7 15. Kb1 exf4 16. Nxf4 Ne5 17. Nxe5 Bxe5 18. Nd5 Kf8 19. Qf2 Qh4
20. Qf3 Qg5 21. Be2 Kg7 22. Rdf1 Raf8 23. Rh1 f6 24. a3 Rxh1 25. Rxh1 Rh8
26. Rxh8 Kxh8 27. c4 Kg7 28. Bd1 Qh4 29. Ka2 Qg3 30. Qe2 Qh2 31. Qf3 Qg1
32. Kb3 Qg3 33. Qe2 Qg1 34. Ka2 Qh1 35. Qf3 Qxf3 36. Bxf3 Kh6 37. Be2 Kg5
38. Ne7 Kf4 39. Nxg6+ Ke3 40. Bd1 Kxd3 41. c5 Be6+ 42. Kb1 Kd2 43. Bf3 dxc5
44. g5 c4 45. Nf8 c3 0-1

[Event "City of Dublin Masters 2019"]
[Site "Dublin IRL"]
[Date "2019.09.07"]
[Round "3.3"]
[White "Brady, Stephen"]
[Black "Kanyamarala, Tarun"]
[Result "0-1"]
[WhiteTitle "FM"]
[WhiteElo "2282"]
[BlackElo "2142"]
[WhiteICU "2281"]
[BlackICU "2160"]
[WhiteClub "St. Benildus"]
[WhiteNationality "IRL"]
[BlackNationality "IRL"]
[WhiteFideId "2500124"]
[BlackFideId "45004714"]
[PlyCount "94"]
[EventDate "2019.09.06"]
[Source "Live boards"]

{ Event information: <a
href="http://www.irlchess.com/cityofdublin2019_allfiles/pairings_cityofdublin209.html">Tournament
report</a>. }

1. b3 e5 2. Bb2 Nc6 3. e3 e4 4. d3 exd3 5. cxd3 d5 6. Nf3 Nf6 7. Be2 Bg4 8.
a3 Bd6 9. b4 O-O 10. O-O Qe7 11. Nbd2 a5 12. b5 Na7 13. a4 Bb4 14. h3 Bd7
15. Qb3 c6 16. bxc6 bxc6 17. Rfc1 Rab8 18. Qa2 Be6 19. Nb3 c5 20. Bxf6 Qxf6
21. Rab1 Rbc8 22. Bd1 Bf5 23. Be2 Rfd8 24. Qa1 Qa6 25. Rd1 Nc6 26. Rbc1 Qb6
27. Ne5 Nxe5 28. Qxe5 Bd7 29. Ra1 Re8 30. Qf4 Rb8 31. Bg4 Bxg4 32. Qxg4 Qf6
33. Rab1 Qc6 34. Rdc1 Rb6 35. Ra1 Qd6 36. Rc2 h6 37. Nc1 Qe5 38. Rb1 Rg6
39. Qf3 Rf6 40. Qg4 h5 41. Qd7 Ree6 42. Ne2 Rxf2 43. Rxb4 Qxe3 44. Rb8+ Kh7
45. Kh1 Rf1+ 46. Kh2 Qe5+ 47. g3 Qxe2+ 0-1

[Event "City of Dublin Masters 2019"]
[Site "Dublin IRL"]
[Date "2019.09.07"]
[Round "3.4"]
[White "Carroll, Peter"]
[Black "Flynn, Jacob"]
[Result "1/2-1/2"]
[WhiteElo "2062"]
[BlackElo "1973"]
[WhiteICU "2106"]
[BlackICU "2038"]
[WhiteClub "Gonzaga"]
[BlackClub "Malahide"]
[WhiteNationality "IRL"]
[BlackNationality "IRL"]
[WhiteFideId "2510243"]
[BlackFideId "2509393"]
[PlyCount "55"]
[EventDate "2019.09.06"]
[Source "Live boards"]

{ Event information: <a
href="http://www.irlchess.com/cityofdublin2019_allfiles/pairings_cityofdublin209.html">Tournament
report</a>. }

1. e4 g6 2. d4 Bg7 3. Nc3 d6 4. Be3 a6 5. a4 Nf6 6. h3 b6 7. g4 Bb7 8. Bg2
c5 9. Nge2 O-O 10. O-O cxd4 11. Nxd4 Nfd7 12. f4 Qc8 13. Nd5 Re8 14. Rc1
Nc6 15. c4 Rb8 16. b3 Nxd4 17. Bxd4 Bxd4+ 18. Qxd4 Qc5 19. Rfd1 Bc6 20. Nc7
Qxd4+ 21. Rxd4 Nc5 22. Rb1 Rec8 23. Nd5 Bxd5 24. Rxd5 Ne6 25. Rf1 Nc5 26.
Rb1 Ne6 27. Rf1 Nc5 28. Rb1 1/2-1/2

[Event "City of Dublin Masters 2019"]
[Site "Dublin IRL"]
[Date "2019.09.07"]
[Round "3.5"]
[White "Haque, Muhtarim-Ul"]
[Black "Fox, Anthony"]
[Result "1-0"]
[WhiteElo "2036"]
[BlackElo "2020"]
[WhiteICU "2077"]
[BlackICU "1992"]
[WhiteClub "Rathmines Juniors"]
[BlackClub "Dun Laoghaire"]
[WhiteNationality "IRL"]
[BlackNationality "IRL"]
[WhiteFideId "2509415"]
[BlackFideId "2500736"]
[PlyCount "111"]
[EventDate "2019.09.06"]
[Source "Live boards"]

{ Event information: <a
href="http://www.irlchess.com/cityofdublin2019_allfiles/pairings_cityofdublin209.html">Tournament
report</a>. }

1. d4 d5 2. c4 e6 3. Nc3 Nf6 4. Bg5 Be7 5. Nf3 h6 6. Bxf6 Bxf6 7. e3 O-O 8.
Rc1 c6 9. Bd3 Nd7 10. cxd5 exd5 11. O-O Nb6 12. b4 a6 13. a4 Be6 14. Nd2
Be7 15. Rb1 Bd6 16. f4 f5 17. Nf3 Qe7 18. b5 cxb5 19. axb5 a5 20. Ne5 Rfc8
21. Ne2 a4 22. Rf3 a3 23. Ng3 Bxe5 24. fxe5 g6 25. Ne2 Nc4 26. Nf4 Kh7 27.
Nxg6 Kxg6 28. Rh3 Qg5 29. Rg3 Nb2 30. Rxg5+ hxg5 31. Qb3 Nxd3 32. Qxd3 Rc4
33. Ra1 a2 34. Qb3 Rca4 35. Kf2 Kf7 36. g4 fxg4 37. Qc2 Kg7 38. Qc7+ Kg8
39. Qe7 Rf8+ 40. Kg2 Bf5 41. Qxg5+ Kh8 42. e6 Raa8 43. e7 Rf7 44. Kg3 Bb1
45. Qe5+ Kh7 46. e8=Q Rxe8 47. Qxe8 Rf1 48. Qh5+ Kg7 49. Qxg4+ Kf7 50. Qh5+
Ke7 51. Qe5+ Kf8 52. Qb8+ Kg7 53. Qxb7+ Kh8 54. Qxd5 Rg1+ 55. Kf2 Rg7 56.
Rxa2 1-0

[Event "City of Dublin Masters 2019"]
[Site "Dublin IRL"]
[Date "2019.09.07"]
[Round "3.6"]
[White "Peoples, Jonathon"]
[Black "Cafolla, Peter"]
[Result "1-0"]
[WhiteElo "1931"]
[BlackElo "1975"]
[WhiteICU "1834"]
[BlackICU "1894"]
[WhiteClub "U.C.D."]
[BlackClub "Rathmines"]
[WhiteNationality "IRL"]
[BlackNationality "IRL"]
[WhiteFideId "2509520"]
[BlackFideId "2500884"]
[PlyCount "67"]
[EventDate "2019.09.06"]
[Source "Live boards"]

{ Event information: <a
href="http://www.irlchess.com/cityofdublin2019_allfiles/pairings_cityofdublin209.html">Tournament
report</a>. }

1. d4 d5 2. c4 e6 3. Nc3 c5 4. cxd5 exd5 5. Nf3 Nc6 6. g3 Nf6 7. Bg2 Be7 8.
O-O O-O 9. Bg5 c4 10. Ne5 Be6 11. b3 Qa5 12. Rc1 Rad8 13. Nxc6 bxc6 14.
bxc4 dxc4 15. Ne4 Bd5 16. Nxf6+ Bxf6 17. Bxf6 gxf6 18. e3 f5 19. Qh5 Qxa2
20. Qg5+ Kh8 21. Qxf5 Qd2 22. Be4 Bxe4 23. Qxe4 Rfe8 24. Qf3 c3 25. Qf5 Qb2
26. Rc2 Qb4 27. Rfc1 Rd5 28. Qf6+ Kg8 29. Qxc6 Rdd8 30. Qxc3 Qe7 31. Qa5
Rd7 32. Rc7 Red8 33. Qxa7 Kg7 34. Qc5 1-0